00502cam a22002051 4500001001300000003000400013005001700017008004100034010001700075035002000092040001800112042001200130050002200142100003400164245002900198260001900227300001800246500001500264999001700279sa 68002192 DLC20260227112440.0881028s1966 xx 000 0 benr  asa 68002192  a(OCoLC)23572771 aDLCcMiUdDLC apremarc00aPK1730.12.B23bC31 aAbdul, Karim,cSarkar,d1936-10aCaitālī hāoỵā. a[n.p.]c[1966] a91 p.c22 cm. aRomanized. c78514d78514